000 02063cam a22005174i 4500
003 PE-LiUPU
005 20250731172915.0
008 150617s1955 fr rb 000 0 eng d
035 _a(Sirsi) a18878
040 _aPE-LiUPU
_bspa
_cPE-LiUPU
_erda
049 _aPRUA
082 0 4 _a246.2
_bP26
_221
245 0 0 _aArt et humanisme Biblique.
264 1 _aParís :
_bNouvelles Editions Debresse,
_c1955.
300 _a520 páginas ;
_c22 centímetros
336 _atext
_2rdacontent
337 _aunmediated
_2rdamedia
338 _avolume
_2rdacarrier
504 _aIncluye bibliografía.
505 0 _aHumanisme chretien -- Primaute de l'art -- Art et religión -- Simbolisme mystique -- Retour a la Bible -- Emmaus -- Ruth et Booz -- Job -- Les psaumes -- La danse sacree -- Les Sapientiaux -- L'evangile d'Isaie -- Judith Triomphante -- Ester Reine -- Tobie et Sara -- Le cantique des cantiques -- Vocation -- Le double sept sacre -- Morale et religión -- Sous le signe du dragon -- Sous le signe de la croix -- L'apocalypse -- La Bible a L'ecran -- Le cinema et le sacre -- La nature dans la Bible.
526 _aSEG42
526 _aSEG41
526 _aSEG40
526 _aSEG39
526 _aP94
526 _aP87
526 _aP86
526 _aP85
526 _aP77
526 _aP76
526 _aP35
650 1 4 _aArte y religión.
650 2 4 _aMúsica
_xAspectos religiosos.
700 1 _aBernard, S.
700 1 _aClaudel, Paul
700 1 _aCroix, S. J. de la
700 1 _aMigot., G.
700 1 _aParoissin, M. E.
910 _ajck
_bjvq
_cjck
_d20150616
942 _2ddc
_cBOOK
949 _a246.2 P26
_wDEWEY
_c1
_i54408
_lCCODEBUL1
_mBUL
_p25.00
_r0
_sY
_tBOOK
_u19930826
_xTEOLOGIA
_PP35
_0COMPRA
_o.STAFF. Colección Teología
994 _aC0
_bPEPRU
596 _a1
999 _a246.2 P26
_wDEWEY
_c18618
_i54408
_f2021-11-11
_g5
_lCCODEBUL1
_mBUL
_p25.00
_r0
_sY
_tBOOK
_u2015-6-17
_xTEOLOGIA
_PP35
_0COMPRA
_o.STAFF. Colección Teología
_d18618
980 _81
_gALBERTO SANCHEZ Responsable de Automatización